Online
Catalog

Historia social del Ecuador / (Record no. 12862)

MARC details
000 -CABECERA
campo de control de longitud fija 00849cam a2200241 a 4500
001 - NÚMERO DE CONTROL
campo de control 000013230
005 - FECHA Y HORA DE LA ÚLTIMA TRANSACCIÓN
campo de control 20200929163154.0
008 - DATOS DE LONGITUD FIJA--INFORMACIÓN GENERAL
campo de control de longitud fija 830721s1971 ec 000 0 spa d
040 ## - FUENTE DE LA CATALOGACIÓN
Centro catalogador/agencia de origen DO-SdBNP
Lengua de catalogación spa
Centro/agencia transcriptor LC
Centro/agencia modificador BNPHU
082 ## - NÚMERO DE LA CLASIFICACIÓN DECIMAL DEWEY
Número de clasificación 986.6
Número de documento/Ítem P356h
049 ## - FONDOS LOCALES (OCLC)
Fondos de biblioteca BNGR
100 1# - ENTRADA PRINCIPAL--NOMBRE DE PERSONA
Nombre de persona Peñaherrera de Costales, Piedad.
Fechas asociadas al nombre 1924-1994.
9 (RLIN) 30370
245 10 - MENCIÓN DE TÍTULO
Título Historia social del Ecuador /
Mención de responsabilidad, etc. Piedad Peñaherrera de Costales y Alfreso Costales Samaniego.
260 ## - PUBLICACIÓN, DISTRIBUCIÓN, ETC.
Lugar de publicación, distribución, etc. Quito :
Nombre del editor, distribuidor, etc. Casa de la Cultural Ecuatoriana,
Fecha de publicación, distribución, etc. 1971.
300 ## - DESCRIPCIÓN FÍSICA
Extensión v. ;
Dimensiones 22 cm.
500 ## - NOTA GENERAL
Nota general La biblioteca posee el volumen 4.
505 0# - NOTA DE CONTENIDO CON FORMATO
Información miscelánea t. 4.
Título Reforma Agraria.
651 #4 - PUNTO DE ACCESO ADICIONAL DE MATERIA--NOMBRE GEOGRÁFICO
Nombre geográfico Ecuador
Subdivisión general Historia
9 (RLIN) 4781
650 #4 - PUNTO DE ACCESO ADICIONAL DE MATERIA--TÉRMINO DE MATERIA
Término de materia o nombre geográfico como elemento de entrada Reforma agraria
Subdivisión geográfica Ecuador
9 (RLIN) 30371
651 #4 - PUNTO DE ACCESO ADICIONAL DE MATERIA--NOMBRE GEOGRÁFICO
Nombre geográfico Ecuador
Subdivisión general Condiciones Sociales
9 (RLIN) 30372
700 1# - PUNTO DE ACCESO ADICIONAL--NOMBRE DE PERSONA
Nombre de persona Costales Samaniego, Alfredo.
9 (RLIN) 30373
910 ## - DATOS DE OPCIÓN DEL USUARIO (OCLC)
Datos de opción del usuario Catalogación derivada / LC
Holdings
Estado de retiro Estado de pérdida Restricciones de uso No para préstamo Código de colección Localización permanente Ubicación/localización actual Ubicación en estantería Fecha de adquisición Número de inventario Total de préstamos Signatura topográfica completa Código de barras Fecha visto por última vez Precio válido a partir de Tipo de ítem Koha
        Monografías: Libros y Folletos General General En catalogación 20.11.2009 LF1   v.4 13230-10 25.06.2020 25.06.2020 Préstamo en sala

Powered by Koha